Tavlas, George S. The monetarists: The making of the Chicago monetary tradition, 1927–1960 (Record no. 525977)
[ view plain ]
| 000 -LEADER | |
|---|---|
| fixed length control field | 00706nam a22001457a 4500 |
| 008 - FIXED-LENGTH DATA ELEMENTS--GENERAL INFORMATION | |
| fixed length control field | 240429b ||||| |||| 00| 0 eng d |
| 100 ## - MAIN ENTRY--PERSONAL NAME | |
| Personal name | Binder, Carola |
| 245 ## - TITLE STATEMENT | |
| Title | Tavlas, George S. The monetarists: The making of the Chicago monetary tradition, 1927–1960 |
| 260 ## - PUBLICATION, DISTRIBUTION, ETC. (IMPRINT) | |
| Place of publication, distribution, etc | Journal of Economic Literature |
| 300 ## - PHYSICAL DESCRIPTION | |
| Extent | 62(1). Mar, 2024: p.332-333 |
| 520 ## - SUMMARY, ETC. | |
| Summary, etc | Binder, Carola. 2024. "Tavlas, George S. The Monetarists: The Making of the Chicago Monetary Tradition, 1927–1960." Journal of Economic Literature, 62 (1): 332-33.- Reproduced https://www.aeaweb.org/articles?id=10.1257/jel.62.1.317.r10 |
| 773 ## - HOST ITEM ENTRY | |
| Main entry heading | Journal of Economic Literature |
| 906 ## - LOCAL DATA ELEMENT F, LDF (RLIN) | |
| Subject DIP | BOOK REVIEW |
| 942 ## - ADDED ENTRY ELEMENTS (KOHA) | |
| Item type | Articles |
| Withdrawn status | Lost status | Source of classification or shelving scheme | Damaged status | Not for loan | Permanent location | Current location | Date acquired | Serial Enumeration / chronology | Barcode | Date last seen | Koha item type |
|---|---|---|---|---|---|---|---|---|---|---|---|
| Indian Institute of Public Administration | Indian Institute of Public Administration | 2024-04-29 | 62(1). Mar, 2024: p.332-333 | AR131769 | 2024-04-29 | Articles |
